| 000 | 00473nam a2200205Ia 4500 | ||
|---|---|---|---|
| 008 | 170918s9999 xx 000 0 und d | ||
| 020 | _a439232058 | ||
| 050 | _bK292 2000 | ||
| 100 | _aKeller, Laurie | ||
| 245 | _aOpen wild : | ||
| 245 | _btooth school inside / | ||
| 245 | _cLaurie Keller. | ||
| 260 | _aNew York : | ||
| 260 | _bScholastic, | ||
| 260 | _c2000 | ||
| 300 | _aunpaged : | ||
| 300 | _bcolored illustration ; | ||
| 300 | _c23cm. | ||
| 500 | _a360 | ||
| 999 |
_c341189 _d341189 |
||